000 01430nam a2200253Ia 4500
003 Ost
005 20260507075356.0
008 260507s9999||||xx |||||||||||||| ||und||
020 _a1160169957
040 _cfsecg
041 _aara
082 _a330
100 _aالقاضي، حسين
_eمؤلف
245 0 _aالمحاسبة المالية المتقدمة /
_c حسين القاضي
250 _aطبعة 2
260 _aعمان:
_bدار الثقافة للنشر والتوزيع,
_c2011
300 _a497 صفحة؛
_bإيضاحات ؛
_c25 سم
504 _aالمراجع ص489؛ قائمة المصطلحات العلمية ص493
520 _aالمحاسبة عن توحيد الاعمال- إعداد القوائم المالية الموحدة بتاريخ التوحيد في ظل طرق المحاسبة عن التوحيد- إعداد القوائم المالية بعد تاريخ توحيد الأعمال- العمليات المتبادلة المتعلقة بالمخزون- العمليات المتبادلة المتعلقة بالأصول الثابتة- التوحيد غير المباشر- مشكلات خاصة في توحيد الأعمال- ضريبة الدخل في توحيد الاعمال
653 _aالمحاسبة- المالية العامة
653 _aمحاسبة التكاليف
700 _aدحدوح، حسين
_eمؤلف ثانوي
942 _cكتاب
999 _c44230
_d44230